000 00429nam a2200157 i 4500
001 bg
100 1 _aBOROWIECKI, Mieczysław
245 0 _aZbiór zadań z algebry liniowej :
_bmateriały pomocnicze /
_cM. Borowiecki, M. Kwaśnik.
260 _aZielona Góra,
_c1984.
700 1 _aKWAŚNIK, Maria
040 _cBPK
041 _apol
080 _a512.6(075.8)(076)
942 _cKS
008 s pl f |000 0 pol
999 _c2578
_d2578
856 _uhttp://koha.tu.koszalin.pl/cgi-bin/koha/opac-detail.pl?biblionumber=2578
_yKatalog online BPK